Name a Valid Oscar Nomination #3 - Statistics

General Stats
  • This quiz has been taken 24 times
  • The average score is 11 of 16
Answer Stats
Actor Nominations % Correct
Kate Winslet Sense and Sensibility | Titanic | Iris | Eternal Sunshine of the Spotless Mind | Little Children | The Reader | Steve Jobs
91%
Ariana Grande Wicked
87%
Sean Penn Dead Man Walking | Sweet and Lowdown | I Am Sam | Mystic River | Milk | One Battle After Another
83%
Viola Davis Doubt | The Help | Fences | Ma Rainey's Black Bottom
78%
Joe Pesci Raging Bull | Goodfellas | The Irishman
78%
John Travolta Saturday Night Fever | Pulp Fiction
78%
Robert Duvall The Godfather | Apocalypse Now | The Great Santini | Tender Mercies | The Apostle | A Civil Action | The Judge
78%
Clint Eastwood Unforgiven | Million Dollar Baby
78%
Will Smith Ali | The Pursuit of Happyness | King Richard
70%
Jonah Hill Moneyball | The Wolf of Wall Street
65%
Marisa Tomei My Cousin Vinny | In the Bedroom | The Wrestler
65%
Philip Seymour Hoffman Capote | Charlie Wilson's War | Doubt | The Master
61%
Margot Robbie I, Tonya | Bombshell
61%
George Clooney Syriana | Michael Clayton | Up in the Air | The Descendants
61%
Angelina Jolie Girl, Interrupted | Changeling
52%
Nicolas Cage Leaving Las Vegas | Adaptation.
52%
No matching quizzes found
Score Distribution
Percent of People with Each Score
Percentile by Number Answered
Your Score History
You have not taken this quiz